00911cam a22002534a 450000100090000000300040000900500170001300800410003001000170007102000280008802000350011604000180015104200080016905000240017708200260020110000260022724500880025326000390034130000250038050400640040565000520046965000450052185600910056612782473OSt20250130120010.0020520s2003 nyu b 001 0 eng  a 2002068756 a0789017571 (alk. paper) a078901758X (alk. paper : soft) aDLCcDLCdDLC apcc00aRC606.6b.C535 200300a362.1/969792/00822211 aCiambrone, Desirʹee.10aWomen's experiences with HIV/AIDS :bmending fractured selves /cDesiree Ciambrone. aNew York :bHaworth Press,cc2003. axi, 213 p. ;c23 cm. aIncludes bibliographical references (p. 187-203) and index. 0aAIDS (Disease) in womenxPsychological aspects. 0aAIDS (Disease) in womenxSocial aspects.423Publisher descriptionuhttp://www.loc.gov/catdir/enhancements/fy0810/2002068756-d.html